Ultimate Call of Duty Trivia - Statistics

General Stats
  • This quiz has been taken 478 times
  • The average score is 11 of 29
Answer Stats
Hint Answer % Correct
British Protagonist John Price
83%
'Soap' John MacTavish
66%
Name of Dog Riley
63%
Given the code name 'Kingfish' Vladimir Makarov
63%
MW2 (Sniper Rifle) Intervention
61%
Character who Dog is named after Simon 'Ghost' Riley
53%
Army General Shepherd
50%
WaW (SMG) MP40
49%
Pavelow Pilot Nikolai
48%
Name of the lost little girl in Zombies Samantha
46%
MW2, T Terminal
46%
Takes part in no Russian Joesph Allen
44%
Black Ops interrogator Jason Hudson
42%
Black Ops 2 antagonist Menendez
42%
MW3 (SMG) MP7
39%
'Roach' Gary Sanderson
38%
BO2 (SMG) MSMC
37%
Wonder Weapon found on 'Der Riese' Wunderwaffe DG-2
33%
Leader of ATLAS Johnathon Irons
31%
Wonder Weapon found on 'Five' Winters Howl
24%
Leader of Russian Rebels in MW Series Kamarov
21%
Dog Handler in COD: Ghosts Logan Walker
21%
MW, B Backlot
16%
Wonder Weapon found on 'Moon' Wave Gun
16%
Energy Gun Advanced Warfare EM-1
14%
BO, G Grid
14%
BO2, M Meltdown
12%
British member of Sentinel Gideon
11%
WaW, R Roundhouse
4%
No matching quizzes found
Score Distribution
Percent of People with Each Score
Percentile by Number Answered
Your Score History
You have not taken this quiz